00814nam a2200229 a 450000100100000000500170001000800410002702000150006804000250008308200150010810000300012324000240015324501030017726000320028030000280031250000460034050400330038670000260041904900090044595201130045499900170056700002256720200930021659.0101013s2000 dr a 000 0 spa d a8449309182 aDO-SdBNPbspacBNPHU axxxbH699i1 aHoffman, Donald D.94644813aVisual intelligence10aInteligencia visual :bComo creamos lo que vemos /cDonald D. Hoffman; traducción Daniel Menezo. aBarcelona :bPaidos,c2000. a381 p. :bil. ;c24 cm. aIncluye índice analítico y de nombres aBibliografías [p. 304-360]1 aMenezo, Daniel946449 aBNPD 0010718PDaPDbPDcCTd2010-10-13iLF1l0oxxx H699ip22567-10r2020-06-25w2020-06-25yLFPDZNo se presta c22064d22064